<?xml version="1.0" encoding="UTF-8"?>
<record
    xmlns:xsi="http://www.w3.org/2001/XMLSchema-instance"
    xsi:schemaLocation="http://www.loc.gov/MARC21/slim http://www.loc.gov/standards/marcxml/schema/MARC21slim.xsd"
    xmlns="http://www.loc.gov/MARC21/slim">

  <leader>01783nam a2200289Ia 4500</leader>
  <controlfield tag="003">OSt</controlfield>
  <controlfield tag="005">20260703092743.0</controlfield>
  <controlfield tag="008">210210b2016   xxu||||| |||| 00| 0 eng d</controlfield>
  <datafield tag="040" ind1=" " ind2=" ">
    <subfield code="c">AL</subfield>
  </datafield>
  <datafield tag="041" ind1=" " ind2=" ">
    <subfield code="a">Kannada</subfield>
  </datafield>
  <datafield tag="082" ind1=" " ind2=" ">
    <subfield code="a">K894.9 RAMS</subfield>
  </datafield>
  <datafield tag="100" ind1=" " ind2=" ">
    <subfield code="a">Ramachandran C N</subfield>
    <subfield code="9">245536</subfield>
  </datafield>
  <datafield tag="110" ind1=" " ind2=" ">
    <subfield code="a">&#xCB0;&#xCBE;&#xCAE;&#xC9A;&#xC82;&#xCA6;&#xCCD;&#xCB0;&#xCA8;&#xCCD; &#xCB8;&#xCBF; &#xC8E;&#xCA8;&#xCCD;</subfield>
    <subfield code="9">266185</subfield>
  </datafield>
  <datafield tag="245" ind1=" " ind2=" ">
    <subfield code="a">Sahitya vimarshe mattu vasahatottara chintane</subfield>
    <subfield code="b">: &#xCB8;&#xCBE;&#xCB9;&#xCBF;&#xCA4;&#xCCD;&#xCAF; &#xCB5;&#xCBF;&#xCAE;&#xCB0;&#xCCD;&#xCB6;&#xCC6; &#xCAE;&#xCA4;&#xCCD;&#xCA4;&#xCC1; &#xCB5;&#xCB8;&#xCBE;&#xCB9;&#xCA4;&#xCCB;&#xCA4;&#xCCD;&#xCA4;&#xCB0; &#xC9A;&#xCBF;&#xC82;&#xCA4;&#xCA8;&#xCC6;</subfield>
  </datafield>
  <datafield tag="260" ind1=" " ind2=" ">
    <subfield code="a">Bengaluru</subfield>
    <subfield code="b">Ankita Pustaka</subfield>
    <subfield code="c">2016</subfield>
  </datafield>
  <datafield tag="300" ind1=" " ind2=" ">
    <subfield code="a">335p</subfield>
    <subfield code="b">PB</subfield>
    <subfield code="c">21.5x14cm</subfield>
  </datafield>
  <datafield tag="365" ind1=" " ind2=" ">
    <subfield code="2">Kannada</subfield>
    <subfield code="a">BLCR-000157 </subfield>
    <subfield code="b">&#x20B9;250.00</subfield>
    <subfield code="c">&#x20B9;</subfield>
    <subfield code="f">01-12-2018</subfield>
  </datafield>
  <datafield tag="520" ind1=" " ind2=" ">
    <subfield code="a">"&#xCB6;&#xCCD;&#xCB0;&#xCC7;&#xCB7;&#xCCD;&#xCA0; &#xCB5;&#xCBF;&#xCAE;&#xCB0;&#xCCD;&#xCB6;&#xCC6;&#xCAF; &#xCAA;&#xCB0;&#xC82;&#xCAA;&#xCB0;&#xCC6; &#xC87;&#xCB0;&#xCC1;&#xCB5; &#xC95;&#xCA8;&#xCCD;&#xCA8;&#xCA1;&#xCA6;&#xCB2;&#xCCD;&#xCB2;&#xCBF;, &#xCB5;&#xCBF;&#xCAE;&#xCB0;&#xCCD;&#xCB6;&#xCC6;&#xCAF; &#xCA4;&#xCA4;&#xCCD;&#xCB5; &#xCAE;&#xCA4;&#xCCD;&#xCA4;&#xCC1; &#xCB8;&#xCBF;&#xCA6;&#xCCD;&#xCA7;&#xCBE;&#xC82;&#xCA4;&#xC97;&#xCB3;&#xCBF;&#xC97;&#xCC6; &#xCB8;&#xC82;&#xCAC;&#xC82;&#xCA7;&#xCBF;&#xCB8;&#xCBF;&#xCA6; &#xC97;&#xCCD;&#xCB0;&#xC82;&#xCA5;&#xC97;&#xCB3;&#xCC1; &#xCB5;&#xCBF;&#xCB0;&#xCB3;&#xCB5;&#xCC6;&#xC82;&#xCA6;&#xCC7; &#xCB9;&#xCC7;&#xCB3;&#xCAC;&#xCC7;&#xC95;&#xCC1;. &#xCB9;&#xCC0;&#xC97;&#xCBE;&#xC97;&#xCBF; &#xC95;&#xCA8;&#xCCD;&#xCA8;&#xCA1; &#xCB5;&#xCBF;&#xCAE;&#xCB0;&#xCCD;&#xCB6;&#xCC6;&#xCAF; &#xCAA;&#xCCD;&#xCB0;&#xCAA;&#xC82;&#xC9A;&#xCA6;&#xCB2;&#xCCD;&#xCB2;&#xCBF; &#xCB8;&#xCBE;&#xC95;&#xCB7;&#xCCD;&#xC9F;&#xCC1; &#xC95;&#xCC3;&#xCB7;&#xCBF; &#xCAE;&#xCBE;&#xCA1;&#xCBF;&#xCB0;&#xCC1;&#xCB5; &#xCA1;&#xCBE;. &#xCB8;&#xCBF;.&#xC8E;&#xCA8;&#xCCD;. &#xCB0;&#xCBE;&#xCAE;&#xC9A;&#xC82;&#xCA6;&#xCCD;&#xCB0;&#xCA8;&#xCCD; &#xCAC;&#xCB0;&#xCC6;&#xCA6;&#xCBF;&#xCB0;&#xCC1;&#xCB5; &#xCB5;&#xCBF;&#xCAE;&#xCB0;&#xCCD;&#xCB6;&#xCC6;&#xCAF; &#xCA4;&#xCA4;&#xCCD;&#xCB5; &#xCAE;&#xCA4;&#xCCD;&#xCA4;&#xCC1; &#xC86;&#xCA7;&#xCC1;&#xCA8;&#xCBF;&#xC95; &#xCB5;&#xCBF;&#xCAE;&#xCB0;&#xCCD;&#xCB6;&#xCBE; &#xCAA;&#xCCD;&#xCB0;&#xCB8;&#xCCD;&#xCA5;&#xCBE;&#xCA8;&#xC97;&#xCB3;&#xCBF;&#xC97;&#xCC6; &#xCB8;&#xC82;&#xCAC;&#xC82;&#xCA7;&#xCBF;&#xCB8;&#xCBF;&#xCA6; &#xC88; &#xC85;&#xCAE;&#xCC2;&#xCB2;&#xCCD;&#xCAF; &#xC97;&#xCCD;&#xCB0;&#xC82;&#xCA5;&#xCB5;&#xCC1; &#xCA4;&#xCC1;&#xC82;&#xCAC; &#xCAA;&#xCCD;&#xCB0;&#xCB8;&#xCCD;&#xCA4;&#xCC1;&#xCA4;&#xCB5;&#xCBE;&#xC97;&#xCBF;&#xCA6;&#xCC6;."-&#xCA1;&#xCBE;. &#xC9C;&#xCBF;.&#xC8E;&#xC82;. &#xCB9;&#xCC6;&#xC97;&#xCA1;&#xCC6;.</subfield>
  </datafield>
  <datafield tag="650" ind1=" " ind2=" ">
    <subfield code="a">vimarshe</subfield>
    <subfield code="9">245537</subfield>
  </datafield>
  <datafield tag="650" ind1=" " ind2=" ">
    <subfield code="a">vasahatottara</subfield>
    <subfield code="9">245538</subfield>
  </datafield>
  <datafield tag="650" ind1=" " ind2=" ">
    <subfield code="a">Sahitya</subfield>
    <subfield code="9">245539</subfield>
  </datafield>
  <datafield tag="650" ind1=" " ind2=" ">
    <subfield code="a">mattu</subfield>
    <subfield code="9">245540</subfield>
  </datafield>
  <datafield tag="650" ind1=" " ind2=" ">
    <subfield code="a">chintane</subfield>
    <subfield code="9">245541</subfield>
  </datafield>
  <datafield tag="690" ind1=" " ind2=" ">
    <subfield code="a">Kannada Criticism</subfield>
    <subfield code="9">245542</subfield>
  </datafield>
  <datafield tag="906" ind1=" " ind2=" ">
    <subfield code="a">073087</subfield>
  </datafield>
  <datafield tag="942" ind1=" " ind2=" ">
    <subfield code="2">ddc</subfield>
    <subfield code="c">BK</subfield>
  </datafield>
  <datafield tag="999" ind1=" " ind2=" ">
    <subfield code="c">122866</subfield>
    <subfield code="d">122866</subfield>
  </datafield>
  <datafield tag="952" ind1=" " ind2=" ">
    <subfield code="0">0</subfield>
    <subfield code="1">0</subfield>
    <subfield code="2">ddc</subfield>
    <subfield code="4">0</subfield>
    <subfield code="7">0</subfield>
    <subfield code="8">KAN</subfield>
    <subfield code="a">AL</subfield>
    <subfield code="b">AL</subfield>
    <subfield code="c">Kannada Literature</subfield>
    <subfield code="d">2021-02-17</subfield>
    <subfield code="e">Navakarnataka Publication Pvt Ltd., Mangalore</subfield>
    <subfield code="g">250.00</subfield>
    <subfield code="l">1</subfield>
    <subfield code="o">K894.9 RAMS</subfield>
    <subfield code="p">073087</subfield>
    <subfield code="r">2025-12-10 10:52:47</subfield>
    <subfield code="s">2025-12-03</subfield>
    <subfield code="w">2021-02-17</subfield>
    <subfield code="y">BK</subfield>
  </datafield>
  <datafield tag="952" ind1=" " ind2=" ">
    <subfield code="0">0</subfield>
    <subfield code="1">0</subfield>
    <subfield code="2">ddc</subfield>
    <subfield code="4">0</subfield>
    <subfield code="7">0</subfield>
    <subfield code="8">KAN</subfield>
    <subfield code="a">AL</subfield>
    <subfield code="b">AL</subfield>
    <subfield code="c">SK</subfield>
    <subfield code="d">2026-05-19</subfield>
    <subfield code="e">Navakarnataka Publications Pvt. Ltd. Mangaluru-575001</subfield>
    <subfield code="g">200.00</subfield>
    <subfield code="l">0</subfield>
    <subfield code="o">K894.9 RAMS</subfield>
    <subfield code="p">078189</subfield>
    <subfield code="r">2026-07-03 09:20:10</subfield>
    <subfield code="v">250.00</subfield>
    <subfield code="w">2026-05-11</subfield>
    <subfield code="y">BK</subfield>
  </datafield>
  <datafield tag="952" ind1=" " ind2=" ">
    <subfield code="0">0</subfield>
    <subfield code="1">0</subfield>
    <subfield code="2">ddc</subfield>
    <subfield code="4">0</subfield>
    <subfield code="7">0</subfield>
    <subfield code="8">KAN</subfield>
    <subfield code="a">AL</subfield>
    <subfield code="b">AL</subfield>
    <subfield code="c">SK</subfield>
    <subfield code="d">2026-05-19</subfield>
    <subfield code="e">Navakarnataka Publications Pvt. Ltd. Mangaluru-575001</subfield>
    <subfield code="g">200.00</subfield>
    <subfield code="l">0</subfield>
    <subfield code="o">K894.9 RAMS</subfield>
    <subfield code="p">078190</subfield>
    <subfield code="r">2026-07-03 09:20:10</subfield>
    <subfield code="v">250.00</subfield>
    <subfield code="w">2026-05-11</subfield>
    <subfield code="y">BK</subfield>
  </datafield>
  <datafield tag="952" ind1=" " ind2=" ">
    <subfield code="0">0</subfield>
    <subfield code="1">0</subfield>
    <subfield code="2">ddc</subfield>
    <subfield code="4">0</subfield>
    <subfield code="7">0</subfield>
    <subfield code="8">KAN</subfield>
    <subfield code="a">AL</subfield>
    <subfield code="b">AL</subfield>
    <subfield code="c">SK</subfield>
    <subfield code="d">2026-05-19</subfield>
    <subfield code="e">Navakarnataka Publications Pvt. Ltd. Mangaluru-575001</subfield>
    <subfield code="g">200.00</subfield>
    <subfield code="l">0</subfield>
    <subfield code="o">K894.9 RAMS</subfield>
    <subfield code="p">078191</subfield>
    <subfield code="r">2026-07-03 09:20:10</subfield>
    <subfield code="v">250.00</subfield>
    <subfield code="w">2026-05-11</subfield>
    <subfield code="y">BK</subfield>
  </datafield>
</record>
